Statistiques concernant Focus sur: Alastor Maugrey - Harry Potter

Cliquez ici pour prendre le quiz!

Statistiques générales

  • Ce quiz a été pris 711 fois
  • Le résultat moyen est 7 sur 8

Statistiques - réponses

Informations recherchéesRéponses% Correct
Lieu de rencontre avec Harry PotterPoudlard
99%
Ecole fréquentéePoudlard
99%
ProfessionAuror/Professeur de défense contre les forces du mal
98%
Première apparitionHarry Potter et la Coupe de Feu
98%
Statut du sangSang-Pur
98%
SurnomFol-Œil
91%
Couleur des cheveuxGris
65%
Acteur l'interprétant dans les filmsBrendan Gleeson
29%

Distribution des résultats

Percentile par nombre de réponses

% des personnes avec chaque résultat

Votre développement - résultats

Vous n’avez pas pris ce quiz